Loading...
| Fine Arts - Classical Music | 0 | 3 | 0 | 0 | 30 | 74 | 75.67 | 1 | 2 | 10.69 | 15.00 |
| Philosophy | 0 | 2 | 0 | 0 | 20 | 38 | 67.00 | 1 | 1 | 9.28 | 15.63 |
| History - Other | 0 | 1 | 0 | 1 | 10 | 103 | 103.00 | 0 | 1 | 0.00 | 5.00 |
| Literature - European | 0 | 1 | 0 | 0 | 10 | 79 | 79.00 | 0 | 1 | 3.78 | 7.50 |
| Literature - World | 0 | 1 | 0 | 0 | 10 | 127 | 127.00 | 0 | 0 | 0.00 | 2.50 |
| Social Science | 0 | 1 | 0 | 0 | 10 | 83 | 83.00 | 0 | 1 | 3.79 | 7.14 |
| History - European | 0 | 1 | 0 | 0 | 10 | 69 | 69.00 | 0 | 0 | 3.89 | 2.50 |
| Science - Physics | 0 | 1 | 0 | 1 | 10 | 92 | 92.00 | 0 | 0 | 1.32 | 2.50 |
| Current Events | 0 | 1 | 0 | 0 | 10 | 81 | 81.00 | 0 | 1 | 4.95 | 12.50 |
| History - World | 0 | 0 | 0 | 0 | 0 | 0.00 | 0 | 0 | 0.00 | 0.00 | |
| Science - Biology | 0 | 0 | 1 | 0 | -5 | 0.00 | 0 | 0 | 0.00 | 0.00 | |
| Religion | 0 | 0 | 1 | 0 | -5 | 0.00 | 0 | 0 | 0.00 | 0.00 |